000 00381nam a22001577a 4500
003 MACL
005 20151223131922.0
008 151223b xxu||||| |||| 00| 0 eng d
040 _cMACL
041 _aEnglish
082 _a610/GOP
100 _aGupta,P.D.
_918758
245 _aEssentials of Inborn Metabolic and Genetic Disorders
650 _aMedical
_922355
942 _2ddc
_cBK
999 _c51630
_d51630